header

Adam's fallacy (Record no. 59833)

MARC details
000 -LEADER
fixed length control field 01277nam a2200325Ia 4500
082 04 - DEWEY DECIMAL CLASSIFICATION NUMBER
Classification number 330.153
100 1# - MAIN ENTRY--AUTHOR NAME
Personal name Foley, Duncan K.
245 10 - TITLE STATEMENT
Title Adam's fallacy
260 ## - PUBLICATION, DISTRIBUTION, ETC. (IMPRINT)
Place of publication Cambridge, Mass. ;
-- London :
Name of publisher Harvard University Press,
Year of publication 2006.
300 ## - PHYSICAL DESCRIPTION
Number of Pages xv, 265 p.
650 #0 - SUBJECT ADDED ENTRY--TOPICAL TERM
Topical Term Economics
856 40 - ELECTRONIC LOCATION AND ACCESS
Uniform Resource Identifier http://site.ebrary.com/lib/rucke/Doc?id=10318521

No items available.

© 2026 Rongo University
Contact us: librarian | system librarian | Rongo university